| 000 | 00536nam a22001697a 4500 | ||
|---|---|---|---|
| 999 |
_c8562 _d8562 |
||
| 008 | 201202b ||||| |||| 00| 0 eng d | ||
| 040 | _aBMS College of Architecture | ||
| 100 | _aUtmani, Ritika | ||
| 245 | _aAntarabhava - the Architecture of healing | ||
| 300 | _aviii,38p. | ||
| 500 | _a1BM13AT061 | ||
| 502 |
_8B,Arch _NBMS College of Architecture, Visvesvaraya Technological University (VTU) _aProject report _d2017 |
||
| 650 | _aArchitecture | ||
| 700 |
_aShanu Raina _eGuide |
||
| 700 |
_aPraveen Alva _eGuide |
||
| 942 |
_2ddc _cTHE |
||